Solyenitsin: testimonio de un cristiano, seguido de cinco textos originales

Saved in:
Bibliographic Details
Main Author: Barros, Raimundo (Author)
Format: Book
Language:Spanish
Published: Santiago Del Pacífico 1973
Edition:1a. ed
Series:Colección Alta Mar, 4
Subjects:
Tags: Add Tag
No Tags, Be the first to tag this record!

MARC

LEADER 00000cam a2200000 a 4500
001 UCG9906
003 CL-VaPUC
008 120412e19730000CL |||||||||||||||||spa|d
082 0 4 |a 891.703  |b BAR  |2 21 
100 0 |a Barros, Raimundo  |e author  |9 561659 
245 1 0 |a Solyenitsin: testimonio de un cristiano, seguido de cinco textos originales 
246 1 0 |a Carta al patriarca 
246 1 0 |a Discurso de Estocolmo 
246 1 0 |a Paz y violencia 
246 1 0 |a Procesión del Domingo de Resurrección 
246 1 3 |a La mano derecha 
250 |a 1a. ed 
300 |a 135 p 
942 |c BK 
945 |d 20120412 00:00:00  |a dcastane 
260 |a Santiago  |b Del Pacífico  |c 1973 
650 7 |a CUENTOS RUSOS  |2 CL-VaPUC  |9 265134 
650 0 |a Literatura rusa  |9 318370 
583 |a last modification  |c 20120412 10:24:00  |k Rodrigo Vera 
490 0 |a Colección Alta Mar, 4 
999 |c 347432  |d 347430 
952 |0 0  |1 0  |4 0  |6 891_703000000000000_BAR_1973  |7 0  |8 A  |9 448748  |a BIBHIS  |b BIBHIS  |d 2019-11-22  |i 4855868  |o 891.703 BAR 1973  |p 4855868  |r 2025-01-20  |w 2019-11-22  |y BK  |k HIS